书目信息 |
| 题名: |
高脂蛋白血症分型与冠心病的防治
|
|
| 作者: | 秦文斌 编著 | |
| 分册: | ||
| 出版信息: | 呼和浩特 内蒙古人民出版社 1978 |
|
| 页数: | 261页 | |
| 开本: | 20cm | |
| 丛书名: | ||
| 单 册: | ||
| 中图分类: | R553 | |
| 科图分类: | ||
| 主题词: | 冠心病:高血脂病--防治 , 血液病 , 高血脂病:冠心病--防治 , 淋巴疾病 | |
| 电子资源: | ||
| ISBN: | ||
| 000 | 00738nam0 2200253 45 | |
| 001 | 0178000950 | |
| 005 | 20060815174806.87 | |
| 010 | @dCNY1.65 | |
| 091 | @a14089.29 | |
| 100 | @a19950811d1978 em y0chiy0121 ea | |
| 101 | 0 | @achi |
| 102 | @aCN@b150000 | |
| 105 | @ay z 000yy | |
| 200 | 10 | @a高脂蛋白血症分型与冠心病的防治@Agao zhi dan bai xue zheng fen xing yu guan xin bing de fang zhi@f秦文斌编著@Fqin wen bin bian zhu |
| 210 | @a呼和浩特@c内蒙古人民出版社@d1978 | |
| 215 | @a261页@d20cm | |
| 606 | @a冠心病:高血脂病@x防治 | |
| 606 | 0 | @a血液病 |
| 606 | @a高血脂病:冠心病@x防治 | |
| 606 | 0 | @a淋巴疾病 |
| 690 | @aR553@v4 | |
| 701 | 0 | @a秦文斌@Aqin wen bin@4编著 |
| 801 | 0 | @aCN@bTSSF@c20060815 |
| 905 | @a10447@dR553@e77 | |
| 高脂蛋白血症分型与冠心病的防治/秦文斌编著.-呼和浩特:内蒙古人民出版社,1978 |
| 261页;20cm |
| ISBN :CNY1.65 |
| ● |
| 相关链接 |
|
|
|
|
正题名:高脂蛋白血症分型与冠心病的防治
索取号:R553/77
 
预约/预借
| 序号 | 登录号 | 条形码 | 馆藏地/架位号 | 状态 | 备注 |
| 1 | 0004698 | 202243152 | 密集书库/ [索取号:R553/77] | 在馆 | |
| 2 | 0458309 | 204583094 | 密集书库/ [索取号:R553/77] | 在馆 | |
| 3 | 0458355 | 204583557 | 密集书库/ [索取号:R553/77] | 在馆 |